000 00392 a2200145 4500
001 181486
020 _a
040 _cMagnum
100 _aCosta, Ana Lucia Esteves Dos Santos
240 1 0 _aJuegos para la classe de espanol como lengua extranjera
_lpor
245 1 0 _aJuegos para la classe de espanol como lengua extranjera
362 0 _a1899
697 _aMAGNITO: ESPANHOL
942 _cBK
999 _c181486
_d181486